|
|
|
|
| LEADER |
01560nam a2200409 a 4500 |
| 001 |
EBC1195898 |
| 003 |
MiAaPQ |
| 005 |
20200520144314.0 |
| 006 |
m o d | |
| 007 |
cr cn||||||||| |
| 008 |
971126s1998 cau sb 001 0 eng d |
| 010 |
|
|
|z 97045383
|
| 020 |
|
|
|z 0761909427 (acid-free paper)
|
| 020 |
|
|
|z 0761909435 (pbk. : acid-free paper)
|
| 020 |
|
|
|z 9780761909439
|
| 020 |
|
|
|z 9780761909422
|
| 020 |
|
|
|z 9781452250892 (e-book)
|
| 035 |
|
|
|a (MiAaPQ)EBC1195898
|
| 035 |
|
|
|a (Au-PeEL)EBL1195898
|
| 035 |
|
|
|a (CaPaEBR)ebr10716053
|
| 035 |
|
|
|a (CaONFJC)MIL673537
|
| 035 |
|
|
|a (OCoLC)850163589
|
| 040 |
|
|
|a MiAaPQ
|c MiAaPQ
|d MiAaPQ
|
| 050 |
|
4 |
|a HF5549.5.R44
|b B367 1998
|
| 082 |
0 |
4 |
|a 658.3/11
|2 21
|
| 100 |
1 |
|
|a Barber, Alison E.
|
| 245 |
1 |
0 |
|a Recruiting employees
|h [electronic resource] :
|b individual and organizational perspectives /
|c Alison E. Barber.
|
| 260 |
|
|
|a Thousand Oaks, Calif. :
|b Sage Publications,
|c c1998.
|
| 300 |
|
|
|a xi, 172 p.
|
| 490 |
1 |
|
|a Foundations for organizational science : a sage publications series
|
| 504 |
|
|
|a Includes bibliographical references (p. 155-164) and index.
|
| 533 |
|
|
|a Electronic reproduction. Ann Arbor, MI : ProQuest, 2015. Available via World Wide Web. Access may be limited to ProQuest affiliated libraries.
|
| 650 |
|
0 |
|a Employees
|x Recruiting.
|
| 655 |
|
4 |
|a Electronic books.
|
| 710 |
2 |
|
|a ProQuest (Firm)
|
| 830 |
|
0 |
|a Foundations for organizational science.
|
| 856 |
4 |
0 |
|u https://ebookcentral.proquest.com/lib/matrademy/detail.action?docID=1195898
|z Click to View
|